00721cam3a220022900 4500001001200000005001700012008004100029010001600070035002000086035002200106035002200128040000900150050002500159082001100184100005900195245003400254260003300288500009400321949005200415004000700467999001700474qcf0023205620190816084809.0760709s1934 fr 000 0 fre  a 35005534 a(Sirsi) r124081 a(QCAT)lss01307764 a(UPRA)qcf00232056 dUPRA0 aPQ2613.U187bJ6 1934 a843.911 aGuehenno, Jean, 1890-dGuehenno, Jean, 1890-6A91539.110aJournal d'un homme de 40 ans. aParis :bB. Grasset,c[1934] a"Cet ouvrage a paru precedemment dans la collection 'Pour mon plaisir'."--2d leaf at end. aPQ2613.U187wlcci-178300mMAINtBOOKlON-SHELF124081 c79779d79779